| 000 | 01205cam a2200397 4500 | ||
|---|---|---|---|
| 008 | 090401t1998 xxu||||| |||| 00| 0 eng d | ||
| 020 | _a0117534781 | ||
| 035 | _a(Sirsi) u88692 | ||
| 041 | _aeng | ||
| 050 | _a711.552 | ||
| 110 |
_aUnited Kingdom _bDepartment of the Environment, Transport and the Regions _93507 |
||
| 245 | 4 | _aThe impact of large foodstores on market towns and district centres. | |
| 260 |
_aLondon _bStationery Office _c1998 |
||
| 300 | _a127p. : ill. ; 30cm. | ||
| 350 | _a20 | ||
| 520 | _aResearch for DETR by CB Hillier Parker and Savell Bird Axon which assesses the retail and transportation implications of supermarkets. | ||
| 650 | _aASHBY-DE-LA-ZOUCH | ||
| 650 | _aCIRENCESTER | ||
| 650 | _aDISTRICT CENTRES | ||
| 650 | _aFAKENHAM | ||
| 650 | _aFERNDOWN | ||
| 650 | _aFOOD STORES | ||
| 650 | _aLEOMINSTER | ||
| 650 | _aMARKET TOWNS | ||
| 650 | _aNORTHFIELD | ||
| 650 | _aPORTCHESTER | ||
| 650 | _aST NEOTS | ||
| 650 | _aSUPERMARKETS | ||
| 650 | _aTOWN CENTRES | ||
| 650 | _aWARMINSTER | ||
| 690 | _aPLANNING LAW AND PRACTICE | ||
| 710 |
_aCB Hillier Parker _93660 |
||
| 710 |
_aSavell Bird Axon _93680 |
||
| 942 | _n0 | ||
| 948 | _c28/09/1998 | ||
| 999 |
_c97370 _d97370 |
||